| 000 -LEADER | |
|---|---|
| fixed length control field | 00388nam a22001457a 4500 |
| 005 - DATE AND TIME OF LATEST TRANSACTION | |
| control field | 20240109151235.0 |
| 008 - FIXED-LENGTH DATA ELEMENTS--GENERAL INFORMATION | |
| fixed length control field | 190604b xxu||||| |||| 00| 0 eng d |
| 020 ## - INTERNATIONAL STANDARD BOOK NUMBER | |
| ISBN | 978-93-88194-63-1 |
| 041 ## - LANGUAGE CODE | |
| Language code of text/sound track or separate title | eng |
| 100 ## - MAIN ENTRY--AUTHOR NAME | |
| Personal name | PANCHAL, DR. ISHAN .I AND SEN, DR. DHRUBOJYOTI |
| 245 ## - TITLE STATEMENT | |
| Title | SYNTHISIS IN MEDICINAL CHEMISTRY |
| 260 ## - PUBLICATION, DISTRIBUTION, ETC. (IMPRINT) | |
| Place of publication | PUNE |
| Name of publisher | NIRALI PRAKASHAN |
| 300 ## - PHYSICAL DESCRIPTION | |
| Number of Pages | A.13p, |
| 942 ## - ADDED ENTRY ELEMENTS (KOHA) | |
| Koha item type | Books |
| Lost status | Damaged status | Collection code | Home library | Current library | Shelving location | Date acquired | Source of acquisition | Cost, normal purchase price | Accession Number | Koha item type |
|---|---|---|---|---|---|---|---|---|---|---|
| PHARMACY | JRU Library | JRU Library | SHELF-18-C | 04/06/2019 | PURCHESS | 90.00 | 22971 | Books | ||
| PHARMACY | JRU Library | JRU Library | SHELF-18-C | 04/06/2019 | PURCHESS | 90.00 | 22972 | Books | ||
| Reference | JRU Library | JRU Library | SHELF-5-B | 04/06/2019 | PURCHESS | 90.00 | 22973 | Books |